|
|
|
|
| LEADER |
00000nam0a2200000 4500 |
| 001 |
363999 |
| 005 |
20231102011638.0 |
| 035 |
|
|
|a (RuTPU)RU\TPU\retro\21348
|
| 090 |
|
|
|a 363999
|
| 100 |
|
|
|a 20211022d1981 m y0rusy50 ca
|
| 101 |
0 |
|
|a rus
|
| 102 |
|
|
|a UA
|
| 105 |
|
|
|a a z 001zy
|
| 200 |
1 |
|
|a Использование энергии взрыва в строительстве
|f И. И. Даниленко
|
| 210 |
|
|
|a Киев
|c Будiвельник
|d 1981
|
| 215 |
|
|
|a 168 с.
|c ил.
|
| 225 |
1 |
|
|a Библиотека строителя. Технический прогресс
|
| 320 |
|
|
|a Библиогр.: с. 165
|
| 606 |
1 |
|
|a Взрывные работы
|x На строительстве
|2 stltpush
|3 (RuTPU)RU\TPU\subj\2392
|9 30968
|
| 610 |
1 |
|
|a грунты
|
| 610 |
1 |
|
|a строительно-взрывные работы
|
| 610 |
1 |
|
|a заряды
|
| 610 |
1 |
|
|a действие
|
| 610 |
1 |
|
|a взрывная проходка
|
| 610 |
1 |
|
|a выработки
|
| 610 |
1 |
|
|a крепление
|
| 610 |
1 |
|
|a основания
|
| 610 |
1 |
|
|a фундаменты
|
| 610 |
1 |
|
|a целики
|
| 610 |
1 |
|
|a техника безопасности
|
| 675 |
|
|
|a 624.132.35
|v 4
|
| 700 |
|
1 |
|a Даниленко
|b И. И.
|g Иосиф Иванович
|
| 801 |
|
1 |
|a RU
|b 63413507
|c 20211022
|
| 942 |
|
|
|c BK
|